[Event "THA-ch"]
[Site "Bangkok"]
[Date "2024.04.19"]
[Round "6"]
[White "Sela, Prajak"]
[Black "Kusakulpiboon, Sirawich"]
[Result "0-1"]
[WhiteElo "1692"]
[BlackElo "1623"]
[PlyCount "76"]
[EventDate "2024.04.17"]
[EventType "swiss"]
[EventRounds "9"]
[EventCountry "THA"]
[SourceTitle "CB21_2024"]
[SourceDate "2024.05.22"]
[SourceVersion "1"]
[SourceVersionDate "2024.05.22"]
[SourceQuality "1"]

1. d4 Nf6 2. c4 g6 3. Nc3 Bg7 4. e4 d6 5. Nf3 0-0 6. Be2 Nbd7 7. 0-0 e5 8. Be3 Qe7 9. d5 Nc5 10. Nd2 a5 11. Rb1 b6 12. Qc2 Ne8 13. f4 f5 14. Rbe1 Bh6 15. Bd1 fxe4 16. Bxc5 bxc5 17. fxe5 Rxf1+ 18. Nxf1 dxe5 19. Qxe4 Nd6 20. Qxe5 Qxe5 21. Rxe5 Nxc4 22. Re8+ Kf7 23. Rd8 Bg5 24. Rh8 Kg7 25. Re8 Nd6 26. Re2 Ba6 27. Re6 Rb8 28. b3 Bf6 29. Ne4 Nxe4 30. Rxe4 Bd4+ 31. Ne3 Bd3 32. Re7+ Kf8 33. Rxh7 Bxe3+ 34. Kh1 Re8 35. h4 Bd4 36. Bf3 Kg8 37. Rd7 Bf5 38. Rxc7 Re1+ 0-1

[Event "THA-ch"]
[Site "Bangkok"]
[Date "2024.04.17"]
[Round "1"]
[White "Kusakulpiboon, Sirawich"]
[Black "Kananub, Warot"]
[Result "0-1"]
[WhiteElo "1623"]
[BlackElo "2163"]
[PlyCount "60"]
[EventDate "2024.04.17"]
[EventType "swiss"]
[EventRounds "9"]
[EventCountry "THA"]
[SourceTitle "CB21_2024"]
[SourceDate "2024.05.22"]
[SourceVersion "1"]
[SourceVersionDate "2024.05.22"]
[SourceQuality "1"]

1. e4 c5 2. Nf3 e6 3. d4 cxd4 4. Nxd4 Nf6 5. Bd3 Nc6 6. Nxc6 bxc6 7. 0-0 d5 8. Nd2 Be7 9. Qe2 0-0 10. c4 Bb7 11. e5 Nd7 12. Nb3 a5 13. Bf4 a4 14. Nd2 Nc5 15. Bc2 g6 16. Nf3 Qb6 17. Ng5 Bxg5 18. Bxg5 Ba6 19. Qe3 Nd7 20. Qxb6 Nxb6 21. Be7 Rfe8 22. Bc5 Nd7 23. Bd6 Bxc4 24. Bxa4 Rxa4 25. b3 Bxf1 26. bxa4 Ba6 27. f4 c5 28. Kf2 Rc8 29. Rc1 c4 30. Ke3 c3 0-1

[Event "Bangkok Big Rook op"]
[Site "Bangkok"]
[Date "2024.02.24"]
[Round "3"]
[White "Gutsulyak, Nikolay"]
[Black "Kusakulpiboon, Sirawich"]
[Result "1-0"]
[WhiteElo "1729"]
[BlackElo "1331"]
[PlyCount "47"]
[EventDate "2024.02.23"]
[EventType "swiss"]
[EventRounds "7"]
[EventCountry "THA"]
[SourceTitle "CB10_2024"]
[SourceDate "2024.03.06"]
[SourceVersion "1"]
[SourceVersionDate "2024.03.06"]
[SourceQuality "1"]

1. e4 c5 2. Nc3 d6 3. f4 Nc6 4. Nf3 g6 5. Bb5 Bd7 6. Bc4 Bg7 7. 0-0 e6 8. d3 Nge7 9. f5 gxf5 10. Ng5 Bd4+ 11. Kh1 Ne5 12. Qh5 Qb6 13. Bxe6 0-0-0 14. Bxd7+ Rxd7 15. exf5 Qc6 16. Nxf7 Nxf7 17. Qxf7 Rg8 18. Ne4 Rg7 19. Qe8+ Kc7 20. f6 Bxf6 21. Rxf6 Qd5 22. Bf4 Nc8 23. Rf8 Ne7 24. Qxd7+ 1-0